Three short novels (Heart of darkness, youth, Typhoon)

Colección que contiene tres de los primeros trabajos de Conrad. En “Youth”, se presenta el personaje (narrador) más característico de Conrad en sus historias, el Capitán Marlow quien sería narrador y personaje dentro de las historias “Heart of darkness” y “Typhoon” dónde se tocarían temas morales m...

Cur síos iomlán

Sábháilte in:
Sonraí bibleagrafaíochta
Príomhchruthaitheoir: Conrad, Joseph
Formáid: LEABHAR
Teanga:Undetermined
Foilsithe / Cruthaithe: New York, Estados Unidos Bantam 1963
Ábhair:
Clibeanna: Cuir clib leis
Níl clibeanna ann, Bí ar an gcéad duine le clib a chur leis an taifead seo!

MARC

LEADER 00000nam a2200000Ia 4500
008 170316s9999 xx 000 0 und d
040 |a cru BVZT 
090 |a 820 C-12t 
100 |a Conrad, Joseph 
245 |a Three short novels (Heart of darkness, youth, Typhoon) 
260 |a New York, Estados Unidos 
260 |b Bantam 
260 |c 1963 
300 |a 206 páginas 
520 |a Colección que contiene tres de los primeros trabajos de Conrad. En “Youth”, se presenta el personaje (narrador) más característico de Conrad en sus historias, el Capitán Marlow quien sería narrador y personaje dentro de las historias “Heart of darkness” y “Typhoon” dónde se tocarían temas morales my complejos, la navegación en el mar y colonialismo. Dicho libro está en inglés. 
650 |a LITERATURA INGLESA  |9 12 
999 |c 6778  |d 6778 
942 |c 15 D  |h 820 C-12t  |2 z